000
00226 a2200097 4500
001
52007
100
_a
Lang, D G
245
_a
Aircraft Stability & Control (Vol-I)
260
_a
New York
_b
John Wiley
_c
090
_c
32814
_d
32814
942
_a
NUST-CAE
_c
M
_c
25352
999
_c
287080
_d
287080